| 000 | 00408cam a22001457a 4500 | ||
|---|---|---|---|
| 008 | 180718b1974 xxu||||| |||| 00| 0 eng d | ||
| 020 | _a0 08 017941 x | ||
| 082 | _aJ7 D541 2 | ||
| 100 | _aedited by Dr Diamond | ||
| 245 |
_aProgress in planning _cedited by Dr Diamond And J B Mcloughlin |
||
| 260 |
_aOxford _bPergamon _c1974 |
||
| 300 | _aix, 365p | ||
| 650 | _aCity planning. | ||
| 700 | _aMcloughlin, J B. | ||
| 999 |
_c409416 _d409416 |
||